NFL 2023-2024 Season Transactions - Statistics

General Stats
  • This quiz has been taken 330 times
    216 since last reset
  • The average score is 63 of 247
Answer Stats
Old Team Transaction New Team Pos. Answer % Correct
Green Bay Packers Trade New York Jets QB Aaron Rodgers
100%
Las Vegas Raiders Free Agent New Orleans Saints QB Derek Carr
99%
Los Angeles Rams Trade Miami Dolphins CB Jalen Ramsey
98%
Carolina Panthers Trade Chicago Bears WR DJ Moore
91%
New York Jets Trade Cleveland Browns WR Elijah Moore
88%
San Francisco 49ers Free Agent Las Vegas Raiders QB Jimmy Garoppolo
88%
Philadelphia Eagles Free Agent Detroit Lions S CJ Gardner-Johnson
78%
Cincinnati Bengals Free Agent Atlanta Falcons S Jessie Bates
78%
Kansas City Chiefs Free Agent New England Patriots WR Juju Smith-Schuster
77%
Las Vegas Raiders Trade New York Giants TE Darren Waller
75%
Dallas Cowboys Free Agent Houston Texans WR Noah Brown
74%
Kansas City Chiefs Free Agent Cincinnati Bengals OT Orlando Brown
74%
Tampa Bay Buccaneers Free Agent Kansas City Chiefs OL Donovan Smith
73%
Minnesota Vikings Free Agent Cincinnati Bengals TE Irv Smith
73%
New York Giants Free Agent New Orleans Saints LB Jaylon Smith
73%
New England Patriots Trade Atlanta Falcons TE Jonnu Smith
73%
Minnesota Vikings Free Agent Cleveland Browns EDGE Za'Darius Smith
73%
Arizona Cardinals Free Agent New Orleans Saints RB Darrel Williams
71%
Detroit Liones Free Agent New Orleans Saints RB Jamaal Williams
71%
Chicago Bears Free Agent Detroit Lions RB David Montgomery
67%
Minnesota Vikings Free Agent New York Jets RB Dalvin Cook
64%
Las Vegas Raiders Free Agent Baltimore Ravens CB Rock Ya-Sin
64%
Indianapolis Colts Trade Dallas Cowboys CB Stephon Gilmore
62%
Houston Texans Trade Dallas Cowboys WR Brandin Cooks
61%
Cleveland Browns Free Agent Jacksonville Jaguars RB D"Ernest Johnson
61%
Cleveland Browns Free Agent Los Angeles Rams S John Johnson
61%
Tennessee Titans Free Agent New Orleans Saints DB Lonnie Johnson
61%
Philadelphia Eagles Free Agent Carolina Panthers RB Miles Sanders
60%
Los Angeles Rams Free Agent Tampa Bay Buccaneers QB Baker Mayfield
58%
Dallas Cowboys Free Agent Houston Texans TE Dalton Schultz
58%
Green Bay Packers Free Agent New York Jets WR Allen Lazard
57%
Buffalo Bills Free Agent Houston Texans RB Devin Singletary
57%
Minnesota Vikings Free Agent Minnesota Vikings WR Adam Thielen
56%
Carolina Panthers Free Agent San Francisco 49ers QB Sam Darnold
56%
Cleveland Browns Free Agent Carolina Panthers LB Deion Jones
54%
Denver Broncos Free Agent Seattle Seahawks DT Dre'Mont Jones
54%
Jacksonville Jaguars Free Agent Detroit Lions WR Marvin Jones
54%
Miami Dolphins Free Agent New England Patriots TE Mike Gesicki
54%
Kansas City Chiefs Free Agent Dallas Cowboys RB Ronald Jones
54%
Las Vegas Raiders Free Agent Cincinnati Bengals CB Sidney Jones
54%
Minnesota Vikings Free Agent Los Angeles Chargers LB Eric Kendricks
53%
Baltimore Ravens Free Agent Las Vegas Raiders CB Marcus Peters
53%
Buffalo Bills Free Agent Chicago Bears LB Tremaine Edmunds
53%
Philadelphia Eagles Free Agent San Francisco 49ers DT Javon Hargrave
52%
Pittsburgh Steelers Free Agent Philadelphia Eagles S Terrell Edmunds
52%
New England Patriots Free Agent Las Vegas Raiders WR Jakobi Meyers
51%
Minnesota Vikings Free Agent Pittsburgh Steelers CB Patrick Peterson
51%
Cincinnati Bengals Free Agent Carolina Panthers TE Hayden Hurst
50%
San Francisco 49ers Free Agent Cleveland Browns DT Maurice Hurst
50%
Seattle Seahawks Free Agent Philadelphia Eagles RB Rashaad Penny
46%
Washington Commanders Free Agent Atlanta Falcons QB Taylor Heinicke
46%
New England Patriots Free Agent Buffalo Bills RB Damien Harris
44%
Seattle Seahawks Free Agent Cleveland Browns DT Shelby Harris
44%
Atlanta Falcons Free Agent Philadelphia Eagles QB Marcus Mariota
42%
New Orleans Saints Free Agent Carolina Panthers QB Andy Dalton
41%
Detroit Lions Trade Philadelphia Eagles RB D'Andre Swift
41%
Cleveland Browns Free Agent Washington Commanders QB Jacoby Brissett
40%
Green Bay Packers Free Agent Chicago Bears TE Robert Tonyan
40%
Jacksonville Jaguars Free Agent Kansas City Chiefs OT Jawaan Taylor
37%
San Francisco 49ers Free Agent Houston Texans S Jimmie Ward
37%
Philadelphia Eagles Free Agent Arizona Cardinals LB Kyzir White
37%
San Francisco 49ers Free Agent Arizona Cardinals RB Marlon Mack
37%
New York Jets Free Agent Miami Dolphins QB Mike White
37%
Seattle Seahawks Free Agent New York Jets DT Al Woods
36%
Atlanta Falcons Free Agent New Orleans Saints WR Bryan Edwards
36%
Arizona Cardinals Free Agent Minnesota Vikings CB Byron Murphy
36%
Los Angeles Rams Free Agent Buffalo Bills OG David Edwards
36%
Tampa Bay Buccaneers Free Agent Kansas City Chiefs S Mike Edwards
36%
San Francisco 49ers Free Agent Denver Broncos OT Mike McGlinchey
36%
Green Bay Packers Free Agent New York Jets WR Randall Cobb
36%
Tennessee Titans Free Agent Houston Texans WR Robert Woods
36%
Philadelphia Eagles Free Agent Chicago Bears LB TJ Edwards
36%
Baltimore Ravens Free Agent Atlanta Falcons DE Calais Campbell
33%
Indianapolis Colts Free Agent New York Giants WR Parris Campbell
33%
Seattle Seahawks Free Agent New York Jets DT Quinton Jefferson
33%
Pittsburgh Steelers Free Agent Detroit Lions CB Cameron Sutton
32%
Cincinnati Bengals Free Agent Denver Broncos RB Semaje Perine
32%
Los Angeles Rams Trade Pittsburgh Steelers WR Allen Robinson
30%
Los Angeles Rams Free Agent New York Giants DT A'Shawn Robinson
30%
Baltimore Ravens Free Agent Los Angeles Rams WR Demarcus Robinson
30%
New York Jets Free Agent New York Giants RB James Robinson
30%
Tennessee Titans Free Agent Chicago Bears OG Nate Davis
30%
Carolina Panthers Free Agent Chicago Bears RB D'Onta Foreman
29%
Pittsburgh Steelers Free Agent Philadelphia Eagles LB Myles Jack
28%
Arizona Cardinals Free Agent Tennessee Titans WR DeAndre Hopkins
27%
Philadelphia Eagles Free Agent Indianapolis Colts QB Gardner Minshew
27%
Cincinnati Bengals Free Agent Carolina Panthers S Vonn Bell
27%
Indianapolis Colts Free Agent New York Giants LB Bobby Okereke
26%
Houston Texans Free Agent Buffalo Bills QB Kyle Allen
26%
Arizona Cardinals Free Agent Denver Broncos DE Zach Allen
26%
Tennessee Titans Free Agent Chicago Bears DT DeMarcus Walker
25%
Dallas Cowboys Free Agent New England Patriots RB Ezekiel Elliott
25%
Carolina Panthers Free Agent Chicago Bears QB PJ Walker
25%
Cleveland Browns Free Agent Baltimore Ravens DE Jadeveon Clowney
24%
Tampa Bay Buccaneers Free Agent Atlanta Falcons WR Scotty Miller
23%
Los Angeles Rams Free Agent Seattle Seahawks LB Bobby Wagner
22%
New York Jets Free Agent Miami Dolphins WR Braxton Berrios
22%
Buffalo Bills Free Agent Houston Texans QB Case Keenum
22%
Baltimore Ravens Trade New York Jets S Chuck Clark
22%
Kansas City Chiefs Free Agent Denver Broncos DE Frank Clark
22%
Las Vegas Raiders Free Agent Denver Broncos QB Jarrett Stidham
22%
New York Giants Free Agent Seattle Seahawks S Julian Love
22%
New York Giants Free Agent Kansas City Chiefs WR Richie James
22%
Los Angeles Rams Free Agent Baltimore Ravens WR Odell Beckham
21%
Minnesota Vikings Free Agent Cleveland Browns DT Dalvin Tomlinson
20%
Detroit Lions Free Agent Carolina Panthers WR DJ Chark
20%
Detroit Lions Free Agent Carolina Panthers WR DJ Chark
20%
Kansas City Chiefs Free Agent New York Jets WR Mecole Hardman
20%
Denver Broncos Free Agent Tampa Bay Buccaneers RB Chase Edmonds
19%
Denver Broncos Free Agent Baltimore Ravens RB Melvin Gordon
19%
Arizona Cardinals Free Agent Miami Dolphins WR Chosen Anderson
18%
Cincinnati Bengals Free Agent Miami Dolphins CB Eli Apple
18%
Buffalo Bills Free Agent Indianapolis Colts WR Isaiah McKenzie
18%
Green Bay Packers Free Agent Seattle Seahawks DT Jarran Reed
18%
Detroit Lions Trade Atlanta Falcons CB Jeff Okudah
18%
Kansas City Chiefs Free Agent Cleveland Browns S Juan Thornhill
18%
Pittsburgh Steelers Free Agent Miami Dolphins LB Malik Reed
18%
Green Bay Packers Free Agent Chicago Bears TE Marcedes Lewis
18%
Tampa Bay Buccaneers Trade Houston Texans OG Shaq Mason
18%
Miami Dolphins Free Agent Detroit Lions QB Teddy Bridgewater
18%
Las Vegas Raiders Free Agent Atlanta Falcons WR Mack Hollins
17%
Tennessee Titans Free Agent Las Vegas Raiders TE Austin Hooper
16%
Tennessee Titans Free Agent Cleveland Browns QB Josh Dobbs
16%
Houston Texans Free Agent Carolina Panthers LB Kamu Grugier-Hill
16%
Denver Broncos Free Agent Buffalo Bills RB Latavius Murray
16%
Los Angeles Rams Free Agent Indianapolis Colts K Matt Gay
16%
New England Patriots Free Agent Baltimore Ravens WR Nelson Agholor
16%
Arizona Cardinals Free Agent Cleveland Browns DT Trysten Hill
16%
Dallas Cowboys Free Agent Buffalo Bills C Connor McGovern
15%
Pittsburgh Steelers Free Agent Seattle Seahawks LB Devin Bush
15%
New Orleans Saints Free Agent Minnesota Vikings DE Marcus Davenport
15%
Philadelphia Eagles Free Agent Tennessee Titans OT Andre Dillard
14%
Atlanta Falcons Free Agent San Francisco 49ers CB Isaiah Oliver
14%
Baltimore Ravens Free Agent Minnesota Vikings TE Josh Oliver
14%
Atlanta Falcons Free Agent Philadelphia Eagles WR Olamide Zaccheaus
14%
Washington Commanders Free Agent Pittsburgh Steelers LB Cole Holcomb
13%
New Orleans Saints Free Agent Buffalo Bills WR Deonte Harty
13%
Las Vegas Raiders Free Agent New Orleans Saints TE Foster Moreau
13%
Chicago Bears Free Agent New Orleans Saints TE Jimmy Graham
13%
Houston Texans Free Agent Chicago Bears DT Rasheem Green
13%
Green Bay Packers Free Agent New York Jets S Adrian Amos
12%
Denver Broncos Free Agent Jacksonville Jaguars K Brandon McManus
12%
San Francisco 49ers Free Agent Kansas City Chiefs DE Charles Omenihu
12%
Arizona Cardinals Free Agent Cincinnati Bengals OG Cody Ford
12%
Buffalo Bills Free Agent New York Giants WR Cole Beasley
12%
San Francisco 49ers Free Agent Detroit Lions CB Emmanuel Moseley
12%
Philadelphia Eagles Free Agent Las Vegas Raiders S Marcus Epps
12%
Seattle Seahawks Free Agent Buffalo Bills DT Poona Ford
12%
Tampa Bay Buccaneers Free Agent Tennessee Titans CB Sean Murphy-Bunting
12%
Los Angeles Rams Free Agent Buffalo Bills S Taylor Rapp
12%
Tennessee Titans Free Agent Miami Dolphins LB David Long
11%
Los Angeles Rams Free Agent Las Vegas Raiders CB David Long
11%
Los Angeles Chargers Free Agent Las Vegas Raiders WR DeAndre Carter
11%
Los Angeles Chargers Free Agent Kansas City Chiefs LB Drue Tranquill
11%
Philadelphia Eagles Free Agent Pittsburgh Steelers OG Isaac Seumalo
11%
Cleveland Browns Free Agent Houston Texans LB Jermaine Carter
11%
Los Angeles Rams Free Agent Cincinnati Bengals S Nick Scott
11%
Miami Dolphins Free Agent Buffalo Bills WR Trent Sherfield
11%
New Orleans Saints Trade Denver Broncos TE Adam Trautman
10%
Baltimore Ravens Free Agent Denver Broncos OG Ben Powers
10%
New England Patriots Free Agent Miami Dolphins P Jake Bailey
10%
Buffalo Bills Free Agent New York Giants WR Jamison Crowder
10%
Washington Commanders Free Agent New Orleans Saints OL Trai Turner
10%
Philadelphia Eagles Free Agent Arizona Cardinals WR Zach Pascal
10%
Jacksonville Jaguars Free Agent Tennessee Titans EDGE Arden Key
9%
Dallas Cowboys Free Agent Arizona Cardinals DT Carlos Watkins
9%
Houston Texans Free Agent Cleveland Browns TE Jordan Akins
9%
New Orleans Saints Free Agent Philadelphia Eagles S Justin Evans
9%
Tampa Bay Buccaneers Free Agent Pittsburgh Steelers S/LB Keanu Neal
9%
Seattle Seahawks Free Agent Cleveland Browns WR Marquise Goodwin
9%
Kansas City Chiefs Free Agent Denver Broncos FB Michael Burton
9%
New York Jets Free Agent Houston Texans DT Sheldon Rankins
9%
Chicago Bears Free Agent Cincinnati Bengals QB Trevor Siemian
9%
Kansas City Chiefs Free Agent Washington Commanders OT Andrew Wylie
8%
San Francisco 49ers Free Agent Tennessee Titans LB Azeez Al-Shaiir
8%
Tennessee Titans Free Agent Atlanta Falcons EDGE Bud Dupree
8%
Las Vegas Raiders Free Agent San Francisco 49ers DE Clelin Ferrell
8%
Jacksonville Jaguars Free Agent Philadelphia Eagles TE Dan Arnold
8%
New Orleans Saints Free Agent Atlanta Falcons DT David Onyemata
8%
Green Bay Packers Free Agent Minnesota Vikings DL Dean Lowry
8%
Miami Dolphins Free Agent Pittsburgh Steelers LB Elandon Roberts
8%
New York Giants Free Agent Washington Commanders OL Nick Gates
8%
Cleveland Browns Free Agent Indianapolis Colts S Ronnie Harrison
8%
Miami Dolphins Free Agent New York Jets P Thomas Morstead
8%
Seattle Seahawks Free Agent Chicago Bears RB Travis Homer
8%
Buffalo Bills Free Agent Miami Dolphins TE Tyler Kroft
8%
Tennessee Titans Free Agent Philadelphia Eagles LB Zach Cunningham
8%
Carolina Panthers Trade San Francisco 49ers K Zane Gonzalez
8%
Miami Dolphins Free Agent Carolina Panthers S Eric Rowe
7%
New York Jets Free Agent Houston Texans OL George Fant
7%
New Orleans Saints Free Agent Atlanta Falcons LB Kaden Elliss
7%
Houston Texans Free Agent Cleveland Browns EDGE Obo Okoronkwo
7%
Cincinnati Bengals Free Agent New England Patriots OT Riley Reiff
7%
San Francisco 49ers Free Agent Indianapolis Colts EDGE Samson Ebukam
7%
Jacksonville Jaguars Free Agent Houston Texans CB Shaquill Griffin
7%
New Orleans Saints Free Agent Carolina Panthers DT Shy Tuttle
7%
Cleveland Browns Free Agent Indianapolis Colts DT Taven Bryan
7%
Pittsburgh Steelers Free Agent Los Angeles Rams CB Ahkello Witherspoon
6%
Minnesota Vikings Free Agent Buffalo Bills CB Cameron Dantzler
6%
Jacksonville Jaguars Free Agent Denver Broncos TE Chris Manhertz
6%
Seattle Seahawks Free Agent Washington Commanders LB Cody Barton
6%
Atlanta Falcons Free Agent Carolina Panthers WR Damiere Byrd
6%
San Francisco 49ers Free Agent Tennesee Titans OT Daniel Brunskill
6%
Las Vegas Raiders Free Agent Houston Texans LB Denzel Perryman
6%
Detroit Lions Free Agent Miami Dolphins S DeShon Elliott
6%
Denver Broncos Free Agent Detroit Lions OG Graham Glasgow
6%
New England Patriots Free Agent Miami Dolphins OL Isaiah Wynn
6%
Baltimore Ravens Free Agent Carolina Panthers EDGE Justin Houston
6%
Kanas City Chiefs Free Agent New Orleans Saints DT Khalen Saunders
6%
Seattle Seahawks Free Agent Denver Broncos C Kyle Fuller
6%
Los Angeles Rams Free Agent Buffalo Bills LB Leonard Floyd
6%
New Orleans Saints Free Agent Denver Broncos WR Marquez Callaway
6%
Detroit Lions Free Agent Atlanta Falcons CB Mike Hughes
6%
New York Jets Free Agent New Orleans Saints DT Nathan Shepard
6%
Chicago Bears Free Agent Philadelphia Eagles LB Nicholas Morrow
6%
Tampa Bay Buccaneers Free Agent New York Giants DT Rakeem Nunez-Roches
6%
Los Angeles Rams Free Agent Denver Broncos P Riley Dixon
6%
Cincinnati Bengals Free Agent Atanta Falcons CB Tre Flowers
6%
Miami Dolphins Free Agent New England Patriots DE Trey Flowers
6%
Washington Commanders Free Agent New York Jets OG Wes Schweitzer
6%
Indianapolis Colts Free Agent Chicago Bears DE Yannick Ngakoue
6%
Los Angeles Rams Free Agent Tampa Bay Buccaneers DT Greg Gaines
5%
San Francisco 49ers Free Agent Houston Texans DT Hassan Ridgeway
5%
New York Giants Free Agent San Francisco 49ers OL Jon Feliciano
5%
New Orleans Saints Free Agent Philadelphia Eagles DT Kentavius Street
5%
Los Angeles Chargers Free Agent Tampa Bay Buccaneers OL Matt Feiler
5%
Philadelphia Eagles Free Agent Pittsburgh Steelers OL Nate Herbig
5%
Houston Texans Free Agent Las Vegas Raiders WR Phillip Dorsett
5%
Indianapolis Colts Free Agent Cleveland Browns S Rodney McLeod
5%
Arizona Cardinals Free Agent New England Patriots QB Trace McSorley
5%
Detroit Lions Free Agent New York Giants CB Amani Oruwariye
4%
Las Vegas Raiders Free Agent Chicago Bears DT Andrew Billings
4%
Washington Commanders Free Agent New York Giants CB Bobby McCain
4%
Cleveland Browns Free Agent Houston Texans DE Chase Winovich
4%
Carolina Panthers Free Agent Houston Texans LB Cory Littleton
4%
Seattle Seahawks Free Agent New Orleans Saints S Johnathan Abram
4%
Green Bay Packers Free Agent Arizona Cardinals LB Krys Barnes
4%
Kansas City Chiefs Free Agent Arizona Cardinals CB Rashad Fenton
4%
Pittsburgh Steelers Free Agent Tennessee Titans LB Robert Spillane
4%
Atlanta Falcons Free Agent New England Patriots TE Anthony Firkser
2%
Tampa Bay Buccaneers Free Agent Indianapolis Colts WR Breshad Perriman
2%
Atlanta Falcoms Free Agent Detroit Lions OL Germain Ifedi
2%
Baltimore Ravens Free Agent Indianapolis Colts RB Kenyan Drake
2%
Las Vegas Raiders Free Agent San Francisco 49ers CB Anthony Averett
1%
New York Jets Free Agent Pittsburgh Steelers LB Kwon Alexader
1%
Arizona Cardinals Free Agent Pittsburgh Steelers LB Markus Golden
1%
Los Angeles Chargers Free Agent New York Jets LB Nick Vigil
1%
No matching quizzes found
Score Distribution
Percent of People with Each Score
Percentile by Number Answered
Your Score History
You have not taken this quiz since the last reset